[Event "15. Torneo Aficionados Benidorm s-2300"]
[Site "Benidorm ESP"]
[Date "2016.12.08"]
[Round "8.13"]
[White "Parligras, Cosmin"]
[Black "Kolotilina, Liudmila"]
[Result "1-0"]
[PlyCount "74"]
[EventDate "2016.12.02"]
[EventType "swiss"]
[EventRounds "10"]
[EventCountry "ESP"]
[SourceTitle "Ajedrez en Madrid"]
[Source "lmi"]
[SourceDate "2016.12.02"]
[WhiteElo "2277"]
[BlackElo "2163"]

1. c4 Nf6 2. Nf3 e6 3. d4 d5 4. e3 c5 5. a3 cxd4 6. exd4 dxc4 7. Bxc4 Be7 8.
Nc3 O-O 9. O-O b6 10. d5 Qc7 11. Qd4 Bc5 12. Qh4 e5 13. Nb5 Qe7 14. Re1 Nbd7
15. b4 Bd6 16. Nfd4 Ne8 17. Bg5 Ndf6 18. Nc6 Qd7 19. Nxe5 Bxe5 20. Rxe5 Ba6 21.
a4 Rc8 22. Rae1 h6 23. Bxf6 Nxf6 24. Re7 Rfe8 25. d6 Bxb5 26. Bxb5 Rxe7 27.
dxe7 Qd2 28. f3 Rc1 29. Kf1 Ne8 30. Rxc1 Qxc1+ 31. Qe1 Qc8 32. Bxe8 Qxe8 33. b5
g6 34. Qe5 f5 35. Qe6+ Kg7 36. h4 h5 37. Ke2 Qd8 1-0

[Event "15. Torneo Aficionados Benidorm s-2300"]
[Site "Benidorm ESP"]
[Date "2016.12.08"]
[Round "8.14"]
[White "Gomez Jurado, Luis Alberto"]
[Black "Garcia Garcia, Adrian Antonio"]
[Result "1-0"]
[PlyCount "47"]
[EventDate "2016.12.02"]
[EventType "swiss"]
[EventRounds "10"]
[EventCountry "ESP"]
[SourceTitle "Ajedrez en Madrid"]
[Source "lmi"]
[SourceDate "2016.12.02"]
[WhiteElo "2248"]
[BlackElo "2138"]

1. g3 f5 2. Nf3 Nf6 3. c4 g6 4. Nc3 c6 5. Bg2 Bg7 6. O-O O-O 7. d3 d6 8. e4 e5
9. exf5 Bxf5 10. d4 Qc7 11. c5 dxc5 12. dxe5 Ng4 13. Bf4 Nxe5 14. Nxe5 Bxe5 15.
Qb3+ Rf7 16. Bxe5 Qxe5 17. Rfe1 Qf6 18. Re8+ Kg7 19. Rae1 Bd3 20. Nd1 c4 21.
Qa3 Bc2 22. R1e6 Qd4 23. Rd6 Be4 24. Bf1 1-0